Track List Album "Rien 100 Rien" de Jul - Statistiques

Statistiques générales
  • Ce quiz a été pris 102 fois
  • Le résultat moyen est 11 sur 24
Statistiques - réponses
Featuring Titre % Correct
La Bandite
80%
Ninho Tel me
77%
Heuss l'Enfoiré GTA
76%
JCVD
65%
TK Pas de love
59%
Sous la lune
59%
Vald J'suis loin
55%
Salvatrucha
55%
Tokyo
53%
Le loup
47%
Professor
47%
BDG
45%
La machine
42%
Mula B Ratata
42%
Bagarre
39%
La Famax La folie du ter ter
36%
Hey
35%
Mademoiselle
33%
Sakakini
33%
Moubarak Fatigué
29%
Papa maman
27%
Je parle pas chinois
26%
Je fais mon tour
21%
Faux poto
20%
Aucun quiz correspondant
Distribution des résultats
% des personnes avec chaque résultat
Percentile par nombre de réponses
Votre historique - résultats
Vous n’avez pas pris ce quiz